Zmeny v príjmových nerovnostiach vo svetovej ekonomike v 21. storočí bakalárska práca

Uložené v:
Podrobná bibliografia
Hlavný autor: Koštová, Romana
Korporativný autor: Národohospodárska fakulta EU. Katedra hospodárskej politiky
Ďalší autori: Lábaj, Martin, 1982-
Médium: Kniha
Jazyk:Slovak
Vydavateľské údaje: Bratislava 2015
Tagy: Pridať tag
Žiadne tagy, Buďte prvý, kto otaguje tento záznam!

MARC

LEADER 00000nbm a2200000 4500
001 0205095
005 20161212095025.9
041 0 |a slo 
044 |a SK 
245 1 0 |a Zmeny v príjmových nerovnostiach vo svetovej ekonomike v 21. storočí  |b bakalárska práca  |c Romana Koštová ; školiteľ: Martin Lábaj 
264 1 |a Bratislava  |c 2015 
300 |a 51 s. 
100 1 |a Koštová, Romana 
700 1 |a Lábaj, Martin, 1982- 
710 2 |a Národohospodárska fakulta EU. Katedra hospodárskej politiky